Pathanam (Record no. 17741)
[ view plain ]
| 000 -LEADER | |
|---|---|
| fixed length control field | 00250nam a22001217a 4500 |
| 003 - CONTROL NUMBER IDENTIFIER | |
| control field | OSt |
| 008 - FIXED-LENGTH DATA ELEMENTS--GENERAL INFORMATION | |
| fixed length control field | 231012b |||||||| |||| 00| 0 eng d |
| 041 ## - LANGUAGE CODE | |
| Language code of text/sound track or separate title | mal |
| 082 ## - DEWEY DECIMAL CLASSIFICATION NUMBER | |
| Classification number | 894.812301 |
| Item number | VAS/PA |
| 100 ## - MAIN ENTRY--AUTHOR NAME | |
| Personal name | Vasa |
| 245 ## - TITLE STATEMENT | |
| Title | Pathanam |
| 942 ## - ADDED ENTRY ELEMENTS (KOHA) | |
| Koha item type | Books |
| Withdrawn status | Lost status | Damaged status | Home library | Current library | Date acquired | Full call number | Accession Number | Koha item type |
|---|---|---|---|---|---|---|---|---|
| KAUAET | KAUAET | 12/10/2023 | 894.812301 VAS/PA | 10674 | Books |
